书目信息 |
| 题名: |
新时期发展老龄事业的行动纲领
|
|
| 作者: | 阎青春 主编 | |
| 分册: | ||
| 出版信息: | 北京 中国社会出版社 2012 |
|
| 页数: | 320页 | |
| 开本: | 21cm | |
| 丛书名: | ||
| 单 册: | ||
| 中图分类: | D669.6 | |
| 科图分类: | ||
| 主题词: | 老人问题--研究--中国 | |
| 电子资源: | ||
| ISBN: | 978-7-5087-3944-1 | |
| 000 | 00998nam0 2200253 450 | |
| 001 | 339687 | |
| 005 | 20150608161827.67 | |
| 010 | @a978-7-5087-3944-1@dCNY28.00 | |
| 100 | @a20120619d2012 em y0chiy50 ea | |
| 101 | 0 | @achi |
| 102 | @aCN@b110000 | |
| 105 | @ay z 000yy | |
| 106 | @ar | |
| 200 | 1 | @a新时期发展老龄事业的行动纲领@Axin shi qi fa zhan lao ling shi ye de xing dong gang ling@e《中国老龄事业发展“十二五”规划》解读@f阎青春主编 |
| 210 | @a北京@c中国社会出版社@d2012 | |
| 215 | @a320页@d21cm | |
| 304 | @a中国老龄事业发展基金会老年维权基金管理委员会组编 | |
| 330 | @a本书内容包括: 《规划》编制的历史背景;《规划》的指导思想、基本原则和主要发展目标;《规划》提出的主要任务、保障措施等。 | |
| 517 | 1 | @a《中国老龄事业发展“十二五”规划》解读@A《 zhong guo lao ling shi ye fa zhan “ shi er wu ” gui hua 》 jie du |
| 606 | 0 | @a老人问题@x研究@y中国 |
| 690 | @aD669.6@v5 | |
| 701 | 0 | @a阎青春@Ayan qing chun@4主编 |
| 801 | 0 | @aCN@b卓展宏图@c20150525 |
| 905 | @dD669.6@e154@f4 | |
| 新时期发展老龄事业的行动纲领:《中国老龄事业发展“十二五”规划》解读/阎青春主编.-北京:中国社会出版社,2012 |
| 320页;21cm |
| ISBN 978-7-5087-3944-1:CNY28.00 |
| 本书内容包括: 《规划》编制的历史背景;《规划》的指导思想、基本原则和主要发展目标;《规划》提出的主要任务、保障措施等。 |
| ● |
| 相关链接 |
|
|
|
|
正题名:新时期发展老龄事业的行动纲领
索取号:D669.6/154
 
预约/预借
| 序号 | 登录号 | 条形码 | 馆藏地/架位号 | 状态 | 备注 |
| 1 | 863653 | 208636537 | 第一样本阅览室/ [索取号:D669.6/154] | 在馆 | |
| 2 | 863654 | 208636546 | 第一借阅区/ [索取号:D669.6/154] | 在馆 | |
| 3 | 863655 | 208636555 | 第一借阅区/ [索取号:D669.6/154] | 在馆 | |
| 4 | 863656 | 208636564 | 第一借阅区/ [索取号:D669.6/154] | 在馆 |